| 000 | 00628nam a2200229 a 4500 | ||
|---|---|---|---|
| 001 | 10044 | ||
| 003 | CO-ViMGA | ||
| 005 | 20230915230220.0 | ||
| 008 | 141112s2004 ck r 000 u spa d | ||
| 020 | _a980010593 | ||
| 040 |
_aCO-ViMGA _bspa _cCO-ViMGA |
||
| 082 | 0 | 4 | _a335.09 M65s |
| 100 | 1 |
_aMoleiro ; Moises, _99240 |
|
| 245 | 1 | 0 |
_aEl Socialismo ha muerto : _bViva el socialismo! / |
| 260 |
_aCaracas - Venezuela : _bMonte Avila Editores, _c1991 |
||
| 300 | _a118p. | ||
| 490 | _aLa historia problemática | ||
| 590 | _aEjemplares : 2 | ||
| 650 | 1 | 4 |
_aHISTORIA _93776 |
| 650 | 1 | 4 |
_aSOCIALISMO _9328 |
| 942 |
_2ddc _cBK |
||
| 999 |
_c21420 _d21420 |
||